000 00367nam a22001217a 4500
008 170130b xxu||||| |||| 00| 0 eng d
041 _aeng
080 _a61
100 _a3
101 _aSHMI
245 _aPREVENTING SECONDARY CONDITIONS ASSOCIATED WITH SPINA BIFIDA OR CEREBRAL PALSY: PROCEEDINGS AND RECOMMENDATIONS OF A SYMPOSIUM
_cU.S DEPARTMENT
942 _2udc
_cBK
999 _c4000
_d4000